<?xml version="1.0" encoding="UTF-8"?>
<record
    xmlns:xsi="http://www.w3.org/2001/XMLSchema-instance"
    xsi:schemaLocation="http://www.loc.gov/MARC21/slim http://www.loc.gov/standards/marcxml/schema/MARC21slim.xsd"
    xmlns="http://www.loc.gov/MARC21/slim">

  <leader>01191nam a2200265 a 4500</leader>
  <controlfield tag="001">83890</controlfield>
  <controlfield tag="003">BD-RjUL</controlfield>
  <controlfield tag="005">20251118111556.0</controlfield>
  <controlfield tag="008">240604s1957    ii ||||| |||| 00| 0 ben d</controlfield>
  <datafield tag="035" ind1=" " ind2=" ">
    <subfield code="a">(BD-RjUL)83890</subfield>
  </datafield>
  <datafield tag="040" ind1=" " ind2=" ">
    <subfield code="a">BD-RjUL</subfield>
    <subfield code="b">eng</subfield>
    <subfield code="c">BD-RjUL</subfield>
  </datafield>
  <datafield tag="041" ind1=" " ind2=" ">
    <subfield code="a">ben</subfield>
  </datafield>
  <datafield tag="082" ind1=" " ind2=" ">
    <subfield code="2">23</subfield>
    <subfield code="a">891.4409</subfield>
    <subfield code="b">BAS 1957</subfield>
  </datafield>
  <datafield tag="100" ind1=" " ind2=" ">
    <subfield code="a">&#x9AC;&#x9A8;&#x9CD;&#x9A6;&#x9CD;&#x9AF;&#x9CB;&#x9AA;&#x9BE;&#x9A7;&#x9CD;&#x9AF;&#x9BE;&#x9AF;&#x9BC;, &#x9AC;&#x9CD;&#x9B0;&#x99C;&#x9C7;&#x9A8;&#x9CD;&#x9A6;&#x9CD;&#x9B0;&#x9A8;&#x9BE;&#x9A5; </subfield>
    <subfield code="9">4427</subfield>
  </datafield>
  <datafield tag="245" ind1=" " ind2=" ">
    <subfield code="a">&#x9B8;&#x9BE;&#x9B9;&#x9BF;&#x9A4;&#x9CD;&#x9AF;-&#x9B8;&#x9BE;&#x9A7;&#x995;-&#x99A;&#x9B0;&#x9BF;&#x9A4;&#x9AE;&#x9BE;&#x9B2;&#x9BE; /</subfield>
    <subfield code="c">&#x9AC;&#x9CD;&#x9B0;&#x99C;&#x9C7;&#x9A8;&#x9CD;&#x9A6;&#x9CD;&#x9B0;&#x9A8;&#x9BE;&#x9A5; &#x9AC;&#x9A8;&#x9CD;&#x9A6;&#x9CD;&#x9AF;&#x9CB;&#x9AA;&#x9BE;&#x9A7;&#x9CD;&#x9AF;&#x9BE;&#x9AF;&#x9BC;</subfield>
  </datafield>
  <datafield tag="250" ind1=" " ind2=" ">
    <subfield code="a">&#x9E8;&#x9AF;&#x9BC; &#x9B8;&#x982;.</subfield>
  </datafield>
  <datafield tag="260" ind1=" " ind2=" ">
    <subfield code="a">&#x995;&#x9B2;&#x9BF;&#x995;&#x9BE;&#x9A4;&#x9BE; :</subfield>
    <subfield code="b">&#x9AC;&#x999;&#x9CD;&#x997;&#x9C0;&#x9AF;&#x9BC; &#x9B8;&#x9BE;&#x9B9;&#x9BF;&#x9A4;&#x9CD;&#x9AF; &#x9AA;&#x9B0;&#x9BF;&#x9B7;&#x9CE;,</subfield>
    <subfield code="c">&#x9E7;&#x9EF;&#x9EB;&#x9ED;</subfield>
  </datafield>
  <datafield tag="300" ind1=" " ind2=" ">
    <subfield code="a">&#x996;&#x9A3;&#x9CD;&#x9A1;;</subfield>
    <subfield code="c">&#x9E7;&#x9EF; &#x9B8;&#x9C7;&#x9AE;&#x9BF;.</subfield>
  </datafield>
  <datafield tag="490" ind1=" " ind2=" ">
    <subfield code="a">&#x9B8;&#x9BE;&#x9B9;&#x9BF;&#x9A4;&#x9CD;&#x9AF;-&#x9B8;&#x9BE;&#x9A7;&#x995;-&#x99A;&#x9B0;&#x9BF;&#x9A4;&#x9AE;&#x9BE;&#x9B2;&#x9BE;</subfield>
  </datafield>
  <datafield tag="505" ind1="0" ind2="1">
    <subfield code="a">&#x996;&#x9A3;&#x9CD;&#x9A1;.&#x9EB;&#x9AE;-- &#x996;&#x9A3;&#x9CD;&#x9A1;.&#x9ED;&#x9AE; --</subfield>
  </datafield>
  <datafield tag="650" ind1=" " ind2=" ">
    <subfield code="a">&#x9AC;&#x9BE;&#x982;&#x9B2;&#x9BE; &#x9B8;&#x9BE;&#x9B9;&#x9BF;&#x9A4;&#x9CD;&#x9AF;</subfield>
    <subfield code="x">&#x987;&#x9A4;&#x9BF;&#x9B9;&#x9BE;&#x9B8; &#x9B8;&#x9AE;&#x9BE;&#x9B2;&#x9CB;&#x99A;&#x9A8;&#x9BE;</subfield>
    <subfield code="9">11936</subfield>
  </datafield>
  <datafield tag="650" ind1=" " ind2=" ">
    <subfield code="a">Bengali Literature</subfield>
    <subfield code="x">History Criticism</subfield>
    <subfield code="9">13308</subfield>
  </datafield>
  <datafield tag="830" ind1=" " ind2=" ">
    <subfield code="a">&#x9B8;&#x9BE;&#x9B9;&#x9BF;&#x9A4;&#x9CD;&#x9AF;-&#x9B8;&#x9BE;&#x9A7;&#x995;-&#x99A;&#x9B0;&#x9BF;&#x9A4;&#x9AE;&#x9BE;&#x9B2;&#x9BE;</subfield>
    <subfield code="9">13309</subfield>
  </datafield>
  <datafield tag="942" ind1=" " ind2=" ">
    <subfield code="2">ddc</subfield>
    <subfield code="c">BK</subfield>
  </datafield>
  <datafield tag="999" ind1=" " ind2=" ">
    <subfield code="c">83890</subfield>
    <subfield code="d">83890</subfield>
  </datafield>
  <datafield tag="952" ind1=" " ind2=" ">
    <subfield code="0">0</subfield>
    <subfield code="1">0</subfield>
    <subfield code="2">ddc</subfield>
    <subfield code="4">0</subfield>
    <subfield code="7">1</subfield>
    <subfield code="8">NFIC</subfield>
    <subfield code="a">RUCL</subfield>
    <subfield code="b">RUCL</subfield>
    <subfield code="c">Reading</subfield>
    <subfield code="d">1973-09-22</subfield>
    <subfield code="e">Rajshahi : Uttarbango Library</subfield>
    <subfield code="g">117.00</subfield>
    <subfield code="l">0</subfield>
    <subfield code="o">B 891.4409 BAS V-7 1957</subfield>
    <subfield code="r">2024-06-04 00:00:00</subfield>
    <subfield code="t">C-1</subfield>
    <subfield code="w">2024-06-04</subfield>
    <subfield code="y">BK</subfield>
  </datafield>
  <datafield tag="952" ind1=" " ind2=" ">
    <subfield code="0">0</subfield>
    <subfield code="1">0</subfield>
    <subfield code="2">ddc</subfield>
    <subfield code="4">0</subfield>
    <subfield code="7">1</subfield>
    <subfield code="8">NFIC</subfield>
    <subfield code="a">RUCL</subfield>
    <subfield code="b">RUCL</subfield>
    <subfield code="c">Reading</subfield>
    <subfield code="d">1962-11-20</subfield>
    <subfield code="e">Kamla book</subfield>
    <subfield code="g">9.00</subfield>
    <subfield code="l">0</subfield>
    <subfield code="o">B 891.4409 BAS V-5 1957</subfield>
    <subfield code="r">2025-11-18 00:00:00</subfield>
    <subfield code="t">C-1</subfield>
    <subfield code="w">2025-11-18</subfield>
    <subfield code="y">BK</subfield>
  </datafield>
</record>
